| 000 | 01364nam a22003137a 4500 | ||
|---|---|---|---|
| 999 |
_c22398 _d22398 |
||
| 003 | OSt | ||
| 005 | 20220602101013.0 | ||
| 008 | 200221s2019 pe 000 0 spa | ||
| 020 | _a9786124818806 | ||
| 040 | _cBiblioteca Municipal de Cusco | ||
| 082 |
_a328.85/H88 _bH88 |
||
| 100 | 1 |
_aHuertas, Mabel _eautor _948032 |
|
| 245 | 1 | 0 |
_a30-S Anatomía de una Disolución / _cMabel Huertas, Carlos Meléndez, José Carlos Requena, Erick Sablich. |
| 250 | _aPrimera edición. | ||
| 264 | 1 |
_aLima, Perú : _bPágina Once, _c2019. |
|
| 300 |
_a118 páginas. : _bilustraciones ; _c23 cm. |
||
| 490 |
_aSegunda vuelta ; _v1 |
||
| 500 | _a"¿Quienes ganaron y perdieron con el cierre del Congreso?"--Cubierta. | ||
| 500 | _a"La obra narra los sucesos del 30 de setiembre de 2019, sobre la cuestión de confianza solicitada por el Premier Del Solar, y el mensaje del Presidente Vizcarra, anunciando la disolución del Congreso" | ||
| 610 |
_aPerú _bCongreso _94218 |
||
| 650 |
_aPráctica parlamentaria _zPerú _948033 |
||
| 650 |
_aParlamentarios _xActitudes _zPerú _948034 |
||
| 650 |
_aCorrupción política _zPerú _948035 |
||
| 651 |
_aPerú _xPolítica y gobierno _ySiglo XXI _948036 |
||
| 700 | 1 |
_aMeléndez, Carlos _d1977- _eautor _948037 |
|
| 700 | 1 |
_aRequena, José Carlos _d1977- _eautor _948038 |
|
| 700 | 1 |
_aSablich, Erick, _eautor _948039 |
|
| 942 |
_2ddc _cLIBROS |
||